A disswasive from the sin of drunkenness : By a minister of the Church of England.

Bibliographic Details
Main Author: Woodward, Josiah, 1660-1712
Format: eBook
Language:English
Series:Eighteenth century collections online.
Online Access:Full text online

MARC

Tag First Indicator Second Indicator Subfields
LEADER 00000cam a2200000 4500
001 in00001952002
006 m | d |
007 cr |n||||||||n
008 790922s1711 enk|||| s 00||||eng d
005 20260406224326.0
035 |a (CStRLIN)ESTCT61755 
040 |a Uk-ES  |c Uk-ES  |d CStRLIN  |d Thomson Gale  |d UtOrBLW 
100 1 |a Woodward, Josiah,  |d 1660-1712. 
245 1 2 |a A disswasive from the sin of drunkenness :  |b By a minister of the Church of England. 
264 3 |a London :  |b printed and sold by Joseph Downing,  |c 1711. 
300 |a 22, 2 unnumbered pages ;  |c 12⁰. 
336 |a text  |b txt  |2 rdacontent 
337 |a computer  |b c  |2 rdamedia 
338 |a online resource  |b cr  |2 rdacarrier 
500 |a Minister of the Church of England = Josiah Woodward. 
500 |a With a final advertisement leaf. 
500 |a Reproduction of original from the British Library. 
510 4 |a English Short Title Catalog,  |c ESTCT61755. 
533 |a Electronic reproduction.  |b Farmington Hills, Mich. :  |c Thomson Gale,  |d 2003.  |n Available via the World Wide Web.  |n Access limited by licensing agreements  |7 s2003 miunns 
500 |a Electronic resource. 
830 0 |a Eighteenth century collections online. 
856 4 0 |u http://proxy.library.tamu.edu/login?url=https://galenet.galegroup.com/servlet/ECCO?c=1&stp=Author&ste=11&af=BN&ae=T061755&tiPG=1&dd=0&dc=flc&docNum=CW119664087&vrsn=1.0&srchtp=a&d4=0.33&n=10&SU=0LRF&locID=txshracd2898  |z Full text online  |t 0 
999 |a MARS 
999 f f |s bb5c0901-5dfe-3dda-a83a-61ad579d8c49  |i 328fc947-c462-359a-9c48-71d418063079  |t 0 
952 f f |a Texas A&M University  |b College Station  |c Electronic Resources  |s www_evans  |d Available Online  |t 0  |h No information provided 
998 f f |t 0  |l Available Online